Cantos de emoción : (Registro nro. 40518)

Detalles MARC
000 -LEADER
campo de control de longitud fija 00578nam a2200193 i 4500
001 - NÚMERO DE CONTROL
campo de control 40518
003 - IDENTIFICADOR DE NÚMERO DE CONTROL
campo de control ES-MaACL
005 - FECHA Y HORA DE LA ÚLTIMA TRANSACCIÓN
campo de control 20230906160237.0
007 - CAMPO FIJO DE DESCRIPCIÓN FÍSICA--INFORMACIÓN GENERAL
campo de control de longitud fija t|
008 - DATOS DE LONGITUD FIJA--INFORMACIÓN GENERAL
campo de control de longitud fija 030306s1977 pr ||||1| spa d
080 ## - NÚMERO DE LA CLASIFICACIÓN DECIMAL UNIVERSAL
Número de la Clasificación Decimal Universal 860(729.5)-14"19"
100 1# - ENTRADA PRINCIPAL--NOMBRE DE PERSONA
Nombre de persona Carrión, Juan Francisco.
9 (RLIN) 35802
245 10 - MENCIÓN DEL TÍTULO
Título Cantos de emoción :
Resto del título poemas líricos dedicados a la mujer /
Mención de responsabilidad, etc. Juan Francisco Carrión.
250 ## - MENCION DE EDICION
Mención de edición 1ª ed.
260 ## - PUBLICACIÓN, DISTRIBUCIÓN, ETC.
Lugar de publicación, distribución, etc. [Hato Rey (Puerto Rico) :
Nombre del editor, distribuidor, etc. Esmaco Printers Corp.],
Fecha de publicación, distribución, etc. 1977.
300 ## - DESCRIPCIÓN FÍSICA
Extensión 55 p. ;
Dimensiones 19 cm.
852 4# - LOCALIZACIÓN
Ubicación ES-MaACL
Número de control de estantería A-7680
852 4# - LOCALIZACIÓN
Ubicación ES-MaACL
Número de control de estantería A-8111
Existencias
Estatus retirado Estado de pérdida Estado de daño No para préstamo Biblioteca de origen Biblioteca actual Ubicación en estantería Fecha de adquisición Fuente de adquisición Total de préstamos Signatura topográfica completa Código de barras Visto por última vez Precio de reemplazo Tipo de ítem Koha
        Biblioteca del Ateneo de Madrid Biblioteca del Ateneo de Madrid Sala Pecera Planta 1 17/01/2008     A-8111 1042656 23/02/2023 23/02/2023 Libro impreso
        Biblioteca del Ateneo de Madrid Biblioteca del Ateneo de Madrid Sala Pecera Planta 1 17/01/2008     A-7680 1042655 23/02/2023 23/02/2023 Libro impreso